Osmanlı'dan Milli Mücadele'ye seçilmiş mülakatlar / (Record no. 13064)
[ view plain ]
| 000 -BAŞLIK | |
|---|---|
| Sabit Uzunlukta Kontrol Alanı | 00807nam a2200229 4500 |
| 999 ## - SİSTEM KONTROL NUMARALARI (KOHA) | |
| Koha Biblionumber | 13064 |
| Koha Biblioitemnumber | 13064 |
| 003 - KONTROL NUMARASI IDENTIFIER | |
| Denetim Alanı | MIRAKIL |
| 005 - SON İŞLEM TARİHİ VE ZAMANI | |
| Denetim Alanı | 20190326142420.0 |
| 008 - SABİT-BOY VERİ ELEMANLARI - GENEL BİLGİLER | |
| Sabit Uzunlukta Kontrol Alanı | 190326b tu ||||| |||| 00| 0 tur d |
| 020 ## - ULUSLARARASI STANDART KİTAP NUMARASI | |
| Uluslararası Standart Kitap Numarası | 9786053600190 |
| 040 ## - KATALOGLAMA KAYNAK | |
| Orijinal Kataloglama Ajansı | TR-AnCHP |
| Metne Dönüştürmek Ajansı | TR-AnCHP |
| 041 ## - DİL KODU | |
| Metin / Ses Parça Veya Ayrı Başlığın Dil Kodu | tur |
| 082 ## - DEWEY ONLU SINIFLANDIRMA NUMARASI | |
| Sınıflandırma Numarası | 956.10154 |
| Ürün Numarası | Ö93o 2010 |
| 100 1# - ANA GİRİŞ - KİŞİSEL İSİM | |
| Kişisel Ad | Özel, Sabahattin |
| 245 10 - BAŞLIK TABLOSU | |
| Başlık | Osmanlı'dan Milli Mücadele'ye seçilmiş mülakatlar / |
| Sorumluluk Tablosu, Vb | Sabahattin Özel, Işıl Çakan Hacıibrahimoğlu. |
| 260 ## - YAYIN, DAĞITIM, VB | |
| Yayın, Dağıtım, Vb Yeri | İstanbul : |
| Yayıncı, Dağıtıcı, Vs Adı | Türkiye İş Bankası Kültür Yayınları, |
| Yayın, Dağıtım, Vb Tarihi | 2010. |
| 300 ## - FİZİKSEL TANIM | |
| Kapsam | 412 s.: |
| Diğer Fiziksel Ayrıntıları | fotğ.; |
| Boyutlar | 23 sm. |
| 490 0# - SERİSİ TABLOSU | |
| Seri Beyanı | Türkiye İş Bankası Kültür Yayınları; |
| Hacim / Ardışık Tanımı | Genel yayın :2032. |
| 504 ## - KAYNAKÇA VB NOT | |
| Kaynakça Vb Notu | Dizin vardır. |
| 650 #0 - KONU KATMA GİRİŞ - TOPİKAL DÖNEM | |
| 9 (RLIN) | 710 |
| Topikal Süreli Veya Coğrafi Ad Giriş Elemanı | Osmanlı İmparatorluğu |
| Genel Alt Bölümü | Tarih |
| 700 ## - KATMA GİRİŞ - KİŞİSEL İSİM | |
| 9 (RLIN) | 5574 |
| Kişisel Ad | Çakan Hacıibrahimoğlu, Işıl |
| 942 ## - EKLENDİ GİRİŞ ELEMANLARI (KOHA) | |
| Sınıflandırma Veya Raf Düzeni Kaynak | Dewey Decimal Classification |
| Koha Öğesi Türü | Books |
| Kalıcı Konum | Mevcut Konum | Edinme Tarihi | Toplam Check-Out'Lar | Tam Çağrı Numarası | Barkod | Tarih Son Görülme | İtibaren Geçerli Fiyatlar | Koha Öğesi Türü |
|---|---|---|---|---|---|---|---|---|
| CHP Kütüphanesi | CHP Kütüphanesi | 03/26/2019 | 956.10154 Ö93o 2010 | 019111 | 03/26/2019 | 03/26/2019 | Books |
